[Event "POL-ch U16"]
[Site "Krynica"]
[Date "2003.??.??"]
[Round "8"]
[White "Strejczek, Dariusz"]
[Black "Luba, Lukasz"]
[Result "1/2-1/2"]
[WhiteElo "2000"]
[BlackElo "2115"]
[PlyCount "129"]
[EventDate "2003.??.??"]
[EventType "swiss"]
[EventRounds "11"]
[EventCountry "POL"]
[SourceTitle "EXT 2007"]
[Source "ChessBase"]
[SourceDate "2006.11.23"]
[SourceVersion "1"]
[SourceVersionDate "2006.11.23"]
[SourceQuality "1"]

1. d4 Nf6 2. c4 g6 3. Nc3 Bg7 4. e4 0-0 5. f3 d6 6. Be3 e5 7. d5 Nfd7 8. Bd3 f5 9. Qd2 f4 10. Bf2 Na6 11. 0-0-0 Nac5 12. Bc2 a5 13. Kb1 b6 14. Nge2 Ba6 15. b3 Rb8 16. a4 Bc8 17. Nb5 Na6 18. Qc1 Ndc5 19. Nec3 Nb4 20. Na2 Bd7 21. Nxb4 axb4 22. Be1 Na6 23. Bd2 Kh8 24. Rdg1 Ra8 25. Qe1 c5 26. dxc6 Bxc6 27. Bxb4 Bxb5 28. cxb5 Nxb4 29. Qxb4 Rc8 30. Bd3 d5 31. Rc1 Qg5 32. Qd2 dxe4 33. Bxe4 Rcd8 34. Qe2 Rfe8 35. Rc7 Rd4 36. Rhc1 Qd8 37. Qc2 Rd2 38. Qc6 Rf8 39. Rc8 Qd4 40. Rxf8+ Bxf8 41. Qc3 Bc5 42. Qxd4 Bxd4 43. Rc8+ Kg7 44. Rc2 Rd1+ 45. Rc1 Rd2 46. Bc2 Rxg2 47. b4 Bc3 48. a5 bxa5 49. b6 e4 50. b7 Be5 51. bxa5 exf3 52. a6 Bb8 53. Rf1 f2 54. Kb2 g5 55. Be4 Rxh2 56. Kc3 g4 57. Kc4 g3 58. Kb5 Rh5+ 59. Kc4 Re5 60. Bg2 Re1 61. Kd3 Rxf1 62. Bxf1 f3 63. Ke3 g2 64. Bxg2 fxg2 65. Kxf2 1/2-1/2

[Event "POL-ch U16"]
[Site "Krynica"]
[Date "2003.??.??"]
[Round "7"]
[White "Zwierzynski, Pawel"]
[Black "Strejczek, Dariusz"]
[Result "0-1"]
[WhiteElo "2015"]
[BlackElo "2000"]
[PlyCount "43"]
[EventDate "2003.??.??"]
[EventType "swiss"]
[EventRounds "11"]
[EventCountry "POL"]
[SourceTitle "EXT 2007"]
[Source "ChessBase"]
[SourceDate "2006.11.23"]
[SourceVersion "1"]
[SourceVersionDate "2006.11.23"]
[SourceQuality "1"]

1. e4 d6 2. d4 Nf6 3. Nc3 g6 4. f4 Bg7 5. Nf3 0-0 6. h3 c5 7. Be3 Qa5 8. Qd2 cxd4 9. Nxd4 a6 10. 0-0-0 Nc6 11. Nb3 Qd8 12. Bd3 Be6 13. f5 Bxb3 14. axb3 Rc8 15. Bh6 Qa5 16. Qg5 Qa1+ 17. Kd2 Qxb2 18. Na4 Qd4 19. Rde1 Nb4 20. Ke2 Nxd3 21. c3 Qxe4+ 22. Kd1 0-1